000 00403nam a2200157Ia 4500
003 OSt
005 20230525112804.0
008 211028s2018 xx 000 0 und d
040 _cAIMIT LIBRARY
041 _aeng
100 _aHussain, Majed; Prabhu, S Aravind.
_98782
_e161920
110 _aS Aravind Prabhu
_98783
245 _aTrade profit system.
260 _aMangaluru
_c2018
942 _2ddc
_cPRO
999 _c220060
_d220060